Sudden Death - Islands - Statistics

General Stats
  • This quiz has been taken 36 times
  • The average score is 7 of 10
Answers on the Grid
Answers color-coded by a green-red scale on the quiz's grid according to % correct below.
Java
French Guyana
Borneo
England
Ireland
Iberia
North Island
Guinea
Greenland
Havana
Jersey
Lesotho
Singapore
Suez
Shikoku
Crimea
Iceland
Solomon Island
Cyprus
Huron
 
Answer Stats
Answer % Correct
Iceland
80%
Cyprus
77%
Greenland
73%
Java
70%
North Island
67%
Singapore
67%
Ireland
63%
Borneo
57%
Jersey
50%
Shikoku
47%
No matching quizzes found
Score Distribution
Percent of People with Each Score
Percentile by Number Answered
Your Score History
You have not taken this quiz